Statistiques concernant Quiz Rap FR #1 - Freeze Corleone

Cliquez ici pour prendre le quiz!

Statistiques générales

  • Ce quiz a été pris 748 fois
  • Le résultat moyen est 14 sur 22

Statistiques - réponses

InstructionsRéponses% Correct
Son nombre de mixtapes solo6
95%
Son collectif667
95%
Pays de son pèreSénégal
89%
Pays de naissanceFrance
85%
Sa drogue favoriteLa lean
85%
Titre de son Colors ShowDesiigner
82%
Son seul album studioLMF
78%
Son gimmick favorisEkip
77%
Son premier prénomIssa
77%
Année de naissance1992
72%
Son beatmaker favorisFlem
71%
Collectif avec lequel il adore collaborerLyonzon
71%
Le deuxièmeLorenzo
70%
Marque de ses lunettesCartier
63%
Son couvre-chefDurag
57%
Pays de sa mèreItalie
57%
Son surnomChen Zen
50%
Son nomDiakhaté
45%
Son mentorLe Roi Heenok
41%
Signification de s/oShot out
40%
Le studio de son beatmakerLe KGB
30%
Son labelMMS Records
6%

Distribution des résultats

Percentile par nombre de réponses

% des personnes avec chaque résultat

Votre développement - résultats

Vous n’avez pas pris ce quiz